Подробности
| 000 -МАРКЕР |
| контрольное поле |
02030nam2a2200289 4500 |
| 001 - ИДЕНТИФИКАТОР ЗАПИСИ |
| контрольное поле |
RU\NLR\bibl\1506645 |
| 005 - ИДЕНТИФИКАТОР ВЕРСИИ |
| контрольное поле |
20260405175454.0 |
| 010 ## - МЕЖДУНАРОДНЫЙ СТАНДАРТНЫЙ НОМЕР КНИГИ (ISBN) |
| Номер (ISBN) |
978-5-7133-1300-5 |
| Тираж |
1500 |
| 035 ## - ДРУГИЕ СИСТЕМНЫЕ НОМЕРА |
| Идентификатор записи |
(NLR Aleph) 001498064 |
| 100 ## - ДАННЫЕ ОБЩЕЙ ОБРАБОТКИ |
| Данные общей обработки |
20091102d2007 |||y0rusy50 ca |
| 101 0# - ЯЗЫК РЕСУРСА |
| Язык текста, звукозаписи и т.д. |
русский |
| 102 ## - СТРАНА ПУБЛИКАЦИИ ИЛИ ПРОИЗВОДСТВА |
| Страна публикации |
Российская Федерация |
| 105 ## - ПОЛЕ КОДИРОВАННЫХ ДАННЫХ: ТЕКСТОВЫЕ МАТЕРИАЛЫ, МОНОГРАФИЧЕСКИЕ |
| Кодированные данные о монографическом текстовом документе |
a ||||||||| |
| 200 1# - ЗАГЛАВИЕ И СВЕДЕНИЯ ОБ ОТВЕТСТВЕННОСТИ |
| Основное заглавие |
Курс международного права |
| Первые сведения об ответственности |
Д. Каченовский |
| 210 ## - ПУБЛИКАЦИЯ, РАСПРОСТРАНЕНИЕ И ДР. |
| Место издания, распространения и т.д. |
Москва |
| Имя издателя, распространителя и т. д. |
Международные отношения |
| Дата издания, распространения и т.д. |
2007 |
| 215 ## - ФИЗИЧЕСКАЯ ХАРАКТЕРИСТИКА |
| Специфическое обозначение материала и объем |
365, [1] с. |
| Другие сведения о физической характеристике |
портр. |
| Размеры |
22 |
| 320 ## - ПРИМЕЧАНИЯ О НАЛИЧИИ В ДОКУМЕНТЕ БИБЛИОГРАФИИ / УКАЗАТЕЛЯ |
| Текст примечания |
Библиогр. в подстроч. прим. |
| 423 #0 - ИЗДАЕТСЯ В ОДНОЙ ОБЛОЖКЕ ВМЕСТЕ С ... |
| Встроенное поле |
2001#$aМеждународное право$fМ. Капустин |
| -- |
210##$aМосква$d2007 |
| -- |
215##$aС.: 167-247 |
| -- |
700#1$3RU\NLR\auth\77122704$aКапустин$bМ. Н.$f1828-1899$gМихаил Николаевич$4070 |
| Заглавие |
Международное право |
| Автор |
Капустин, Михаил Николаевич (1828-1899) |
| 423 #0 - ИЗДАЕТСЯ В ОДНОЙ ОБЛОЖКЕ ВМЕСТЕ С ... |
| Встроенное поле |
2001#$aЛекции по международному праву$fН. Коркунов |
| -- |
210##$aМосква$d2007 |
| -- |
215##$aС.: 249-365 |
| -- |
700#1$aКоркунов$bН. М.$f1853-1904$gНиколай Михайлович$4070 |
| Заглавие |
Лекции по международному праву |
| Автор |
Коркунов, Николай Михайлович (1853-1904) |
| 461 #0 - УРОВЕНЬ НАБОРА |
| Встроенное поле |
001RU\NLR\bibl\1458215 |
| -- |
2001#$aЗолотой фонд российской науки международного права$vТ. 1 |
| Системный номер (АБИС) связанной записи |
1517038 |
| Место публикации |
Москва |
| Дата публикации |
2009 |
| Первые сведения об ответственности |
Рос. акад. правосудия, Рос. ассоц. междунар. права |
| Имя издателя, распространителя и т.д. |
Международные отношения |
| Сведения, относящиеся к заглавию |
[антология] |
| Заглавие |
Золотой фонд российской науки международного права |
| Номер тома |
Т. 1 |
| 701 #1 - ИМЯ ЛИЦА - АЛЬТЕРНАТИВНАЯ ОТВЕТСТВЕННОСТЬ |
| Код отношения |
Автор |
| Материалы, к которым относится поле |
rus |
| Графика поля |
Кириллица |
| Начальный элемент ввода |
Каченовский |
| Часть имени, кроме начального элемента ввода |
Д. И. |
| Даты |
1827-1872 |
| Расширение инициалов личного имени |
Дмитрий Иванович |
| Идентификатор авторитетной/нормативной записи |
RU\NLR\auth\7776537 |
| Системный номер авторитетной/нормативной записи |
59465 |
| 801 #0 - ИСТОЧНИК ЗАПИСИ |
| Страна |
Российская Федерация |
| Организация |
NLR |
| Дата составления |
20091102 |
| Правила каталогизации |
RCR |
| 801 #1 - ИСТОЧНИК ЗАПИСИ |
| Страна |
Российская Федерация |
| Организация |
NLR |
| Дата составления |
20091102 |
| 942 ## - ДОПОЛНИТЕЛЬНЫЕ ЭЛЕМЕНТЫ ЗАПИСИ (АБИС) |
| Тип экземпляра АБИС |
Книга |
| 980 ## - КОЛЛЕКЦИЯ |
| Название коллекции |
Национальная библиография |